000 00249nam a22001217a 4500
003 SGT
082 _a294.59
_bCHO
100 _aCHOWDHURY U RAY
245 _aMAHABHARATA
260 _aINDIA
_bHACHETTE PUB
_c2015
300 _a226
942 _2ddc
_cBK
999 _c33983
_d33983